000 00849nam a2200205Ii 4500
003 JO-AjNU
008 230605s9999||||xx |||||||||||||| ||und||
017 _a1972/3067
040 _aJO-AjNU
_bara
_erda
_cJO-AjNU
041 _aara
050 1 4 _aHT621 .G65 1972
100 3 _aتأليف جورفتش، جورج ؛ ترجمة احمد رضا محمد رضا ؛ مراجعة عز الدين فودة,
_eauthor
_937890
245 0 0 _aدراسات في الطبقات الاجتماعية
264 3 1 _aالقاهرة: الهيئة المصرية العامة للكتاب، 1972
300 _a244ص
_bيحتوي على معجم المصطلحات و ببلوغرافية من 234-244ص
336 _atext
_btxt
_2rdacontent
337 _aunmediated
_bn
_2rdamedia
338 _avolume
_bnc
_2rdacarrier
650 4 _aعلم الاجتماع 
_937891
999 _aA15873
_c19441
_d19441